Southville International School and Colleges
Your cart is empty.
  • Cart
  • Lists
    Public lists Eva Luna New books Lux_list list_1
    Your lists Log in to create your own lists
  • Log in to your account
  • Your cookies
  • Search history
Southville International School and Colleges
  • Advanced search
  • Recent comments
  • Most popular
  • Libraries

Log in to your account

Log in with GOOGLE


If you do not have an external account, but do have a local account, you can still log in:

  1. Home
  2. MARC view: Greetings from the 50 states :
Normal view MARC view ISBD view

Greetings from the 50 states : (Record no. 344741)

[ view plain ]
MARC details
000 -LEADER
fixed length control field 00873nam a2200265Ia 4500
008 - FIXED-LENGTH DATA ELEMENTS--GENERAL INFORMATION
fixed length control field 171025s9999 xx 000 0 und d
020 ## - INTERNATIONAL STANDARD BOOK NUMBER
International Standard Book Number 9780439834391
050 ## - LIBRARY OF CONGRESS CALL NUMBER
Classification number 973
050 ## - LIBRARY OF CONGRESS CALL NUMBER
Item number K265 2008
100 ## - MAIN ENTRY--PERSONAL NAME
Personal name Keenan, Sheila
245 ## - TITLE STATEMENT
Title Greetings from the 50 states :
245 ## - TITLE STATEMENT
Remainder of title how they got their names /
245 ## - TITLE STATEMENT
Statement of responsibility, etc Sheila Keenan.
260 ## - PUBLICATION, DISTRIBUTION, ETC. (IMPRINT)
Place of publication, distribution, etc New York :
260 ## - PUBLICATION, DISTRIBUTION, ETC. (IMPRINT)
Name of publisher, distributor, etc Scholastic,
260 ## - PUBLICATION, DISTRIBUTION, ETC. (IMPRINT)
Date of publication, distribution, etc 2008
300 ## - PHYSICAL DESCRIPTION
Extent 112 pages :
300 ## - PHYSICAL DESCRIPTION
Other physical details colored illustrations ;
300 ## - PHYSICAL DESCRIPTION
Dimensions 28cm.
500 ## - GENERAL NOTE
General note Summary : The story behind each state's name and nickname is told in this informative book providing historical facts, fun trivia, and a helpful geography lesson.
650 ## - SUBJECT ADDED ENTRY--TOPICAL TERM
Topical term or geographic name as entry element Names, Geographical.
650 ## - SUBJECT ADDED ENTRY--TOPICAL TERM
Topical term or geographic name as entry element U.S. States --
650 ## - SUBJECT ADDED ENTRY--TOPICAL TERM
General subdivision Juvenile literature.
700 ## - ADDED ENTRY--PERSONAL NAME
Personal name Title : Greetings from the fifty states : how they got their names.
Holdings
Withdrawn status Lost status Damaged status Home library Current library Date acquired Total Checkouts Full call number Barcode Date last seen Price effective from Koha item type
      Stonyhurst Southville International School (Malarayat) Stonyhurst Southville International School (Malarayat) 10/25/2017   NF 973 K265 2008 SSISM3794 10/25/2017 10/25/2017 Books

Greetings from the 50 states :

APA

Keenan S., Title : Greetings from the fifty states : how they got their names, .Greetings from the 50 states. New York: .

Chicago

Keenan Sheila, Title : Greetings from the fifty states : how they got their names, .Greetings from the 50 states. New York: .

Harvard

Keenan S., Title : Greetings from the fifty states : how they got their names, .Greetings from the 50 states. New York: .

MLA

Keenan Sheila, Title : Greetings from the fifty states : how they got their names, .New York: . .

  • Place hold
  • Print
  • Cite
  • Add to your cart (remove)
  • Save record
    BIBTEX Dublin Core MARCXML MARC (non-Unicode/MARC-8) MARC (Unicode/UTF-8) MARC (Unicode/UTF-8, Standard) MODS (XML) RIS
  • More searches
    Search for this title in:
    Other Libraries (WorldCat) Other Databases (Google Scholar) Online Stores (Bookfinder.com) Open Library (openlibrary.org)

Exporting to Dublin Core...

SOUTHVILLE LIBRARY

Southville International School and Colleges Library

1281 Tropical Ave. Cor. Luxembourg St., BF Homes International, Las Pinas City

Tel. No. 8256374 / 252358 Loc. 117/146

Powered by Koha